Načítá se...

കമ്യൂണിസ്റ്റുഭരണവും വിമോചനസമരവും

Podrobná bibliografie
Hlavní autoři: കെ രാജേശ്വരി, K Rajeswari
Médium: Printed Book
Vydáno: Aluva; Pen Books; 2005
Vydání:1st
Témata:
LEADER 00742nam a22001817a 4500
082 |a 954.83  |b RAJ/C P5 
100 |a കെ രാജേശ്വരി  |9 238006 
100 |a K Rajeswari  |9 238007 
240 |a Communistubharanavum Vimochanasamaravum 
245 |a കമ്യൂണിസ്റ്റുഭരണവും വിമോചനസമരവും 
250 |a 1st 
260 |a Aluva;  |b Pen Books;  |c 2005 
300 |a 340p. 
650 |a മലയാളം; രാഷ്ട്രീയം  |9 238008 
650 |a Malayalam; Politics  |9 238009 
942 |c BK 
999 |c 56329  |d 56329 
952 |0 0  |1 0  |4 0  |6 954_830000000000000_RAJ_C_P5  |7 0  |8 KERHIS  |9 67360  |a MAL  |b MAL  |d 2016-07-16  |e 47743  |g 150.00  |l 0  |o 954.83 RAJ/C P5  |p MAL047743  |r 2016-07-16  |t 1  |w 2016-07-16  |y BK